| 000 | 01071nam a2200229Ia 4500 | ||
|---|---|---|---|
| 999 |
_c40335 _d40335 |
||
| 001 | 6943 | ||
| 003 | GE_BSU | ||
| 005 | 20200207101841.0 | ||
| 008 | 181216s1972||||ge |||||||||||||| ||geo|| | ||
| 040 | _cGE_BSU | ||
| 041 | _ageo | ||
| 080 | _a821.353.1-4 გ-95 | ||
| 100 |
_aგუმბერიძე, ოთარ. _96854 |
||
| 245 |
_aისინი იცავენ საზღვარს : _bდოკუმენტური მოთხრობები / _cოთარ გუმბერიძე ; რედ. ლ. ბეჟანიძე ; მხატვ. ლ. სეიდიშვილი. |
||
| 264 |
_aბათუმი : _bსაბჭ.აჭარა, _c1972. |
||
| 300 |
_a97 გვ. ; _c17 სმ. |
||
| 653 | _aისინი იცავენ საზღვარს | ||
| 653 | _aდოკუმენტური მოთხრობები | ||
| 700 |
_aბეჟანიძე, ლ. _eრედაქტორი _93837 |
||
| 700 |
_aსეიდიშვილი, ლ. _eმხატვარი _96855 |
||
| 942 |
_cBK _2udc |
||